• 首页
  • 本馆介绍
  • 公告通知
  • 最新文献
  • 馆藏检索
  • 电子资源
  • 读者导购
  • 参考咨询
  • 我的图书馆
  • 登录
  • 详细信息显示
  • 放入我的书架
  • 预约/预借图书
  • 作者相关作品
  • 分类相关作品
  • 丛书相关作品
  • 出版社相关作品

书目信息

  • 表格格式
  • 工作单格式
  • 卡片格式
题名:
管子补注
    
 
作者: 管仲 著 ;房玄龄 注
分册: 二  
出版信息:   出版者不详  
页数: 1册
开本: 20*13cm
丛书名:
单 册:
中图分类: B226.1
科图分类:
主题词: 先秦哲学
电子资源:
ISBN:
000 00641nam0 2200217 450
001 0634346281
005 20061018093741.81
010    @b线装@dCNY15.00(函)
100    @a20061018d km y0chiy0120 ea
101 0  @achi
200 1  @a管子补注@Aguan zi bu zhu@h二@f(春秋)管仲著@F(chun qiu)guan zhong zhu@g(唐)房玄龄注@G(tang)fang xuan ling zhu
210    @c出版者不详
215    @a1册@d20*13cm
300    @a一至六为一函
305    @a沔阳卢氏据明刻中都四子本影
606 0  @a先秦哲学
690    @aB226.1@v3
701  0 @a管仲@Aguan zhong@4著
702  0 @a房玄龄@Afang xuan ling@4注
801  0 @aCN@bPFT@c20061018
905    @a10447@dB226.1@e14:2
    
    管子补注.二/(春秋)管仲著/(唐)房玄龄注.-出版者不详
    1册;20*13cm
    一至六为一函
    
    ISBN (线装):CNY15.00(函)
    
●
相关链接 在E读中查询图书 在五车中查询图书 在当当中查询图书 在豆瓣中查询图书


正题名:管子补注     索取号:B226.1/14:2         预约/预借

序号 登录号 条形码 馆藏地/架位号 状态 备注
1 0266114   202404674   古籍典藏专区/ [索取号:B226.1/14:2] 在馆    
唐山师范学院图书馆 欢迎您!
大连网信软件有限公司© 版权所有